| 000 | 00957nam a2200277 i 4500 | ||
|---|---|---|---|
| 001 | bg | ||
| 100 | 1 | _aWesołowski, Marian. | |
| 245 | 1 | 0 |
_aPodstawy produkcji roślinnej : _bskrypt do ćwiczeń dla studentów Wydziału Biologii i Hodowli Zwierząt / _cMarian Wesołowski, Andrzej Woźniak. |
| 260 |
_aLublin : _bWydawnictwo Akademii Rolniczej, _ccop. 2006. |
||
| 300 |
_a73, [2] s. : _bil. ; _c24 cm. |
||
| 504 | _aBibliogr. s. [75]. | ||
| 521 | _aPodręcznik dla studentów Wydziału Biologii i Hodowli Zwierząt. | ||
| 650 | 9 | _aAgrotechnika | |
| 655 | _aPodręczniki akademickie | ||
| 700 | 1 |
_aWoźniak, Andrzej _d(1961- ). |
|
| 015 | _aPB 19409/2007 | ||
| 020 | _a8372591474 | ||
| 040 | _cBPK | ||
| 041 | 0 | _apol | |
| 044 | _aPOL | ||
| 080 | _a631.5/.8(075.8) | ||
| 920 | _a83-7259-147-4 | ||
| 942 | _cKS | ||
| 008 | 070830s2006 pl a f f |000 0 pol | ||
| 999 |
_c54317 _d54317 |
||
| 856 |
_uhttp://koha.tu.koszalin.pl/cgi-bin/koha/opac-detail.pl?biblionumber=54317 _yKatalog online BPK |
||